000 02232nam0a2200385 4500
001 RU\NLR\BIBL_A\022627398
005 20260607051236.0
010 _a978-5-392-44092-4
_91000
021 _aRU
_bКН-П-25-040897
_9КН-П-25-3980
035 _a(NLR Aleph) 022627398
090 _a13509497
_c13509497
100 _a20250922d2025 k y0rusy50 ca
101 0 _arus
102 _aRU
105 _ay z 000 y
181 0 _ai4
_baxxe
182 0 _an
200 1 _aСудебные и правоохранительные органы
_eучебник
_f[канд. юрид. наук Калиновский Константин Борисович, д-р юрид. наук, проф. Петров Александр Васильевич, преп. судья в отставке Саяпин Виталий Геннадьевич и др.]
_gответственный редактор К. Б. Калиновский
203 _aТекст
_bвизуальный
_cнепосредственный
210 _aМосква
_cПроспект
_d2025
215 _a512 с.
_d22
300 _aАвт. указаны на 503-й с.
320 _aБиблиогр. : с. 501-502 (17 назв.) и в конце гл.
606 1 _aСудебная система
_jУчебники для высших учебных заведений
_yРоссийская Федерация
_92178042
_3RU\NLR\AUTH\661309925
606 1 _aПравоохранительные органы
_jУчебники для высших учебных заведений
_yРоссийская Федерация
_92078894
_3RU\NLR\AUTH\661254761
686 1 _aХ629.0я73
686 1 _aХ629.01я73
701 1 _8rus
_7ca
_aКалиновский
_bК. Б.
_cюрист
_f1971-
_gКонстантин Борисович
_3RU\NLR\AUTH\7727748
_910779
701 1 _7ca
_8rus
_aПетров
_bА. В.
_cд-р юрид. наук, теория государства и права
_f1952-
_gАлександр Васильевич
_920754
_3RU\NLR\AUTH\7737766
701 1 _aСаяпин
_bВ. Г.
_gВиталий Геннадьевич
942 _cBOOK
980 _aNB